[Event "ISR-chT"]
[Site "Israel"]
[Date "2024.01.19"]
[Round "3.13"]
[White "Rodshtein, Maxim"]
[Black "Greenfeld, Alon"]
[Result "1-0"]
[WhiteElo "2590"]
[BlackElo "2460"]
[PlyCount "57"]
[EventDate "2024.01.10"]
[EventType "team-tourn"]
[EventRounds "11"]
[EventCountry "ISR"]
[SourceTitle "CB09_2024"]
[SourceDate "2024.02.28"]
[SourceVersion "1"]
[SourceVersionDate "2024.02.28"]
[SourceQuality "1"]
[WhiteTeam "Rishon Le Zion"]
[BlackTeam "Beer Sheva II"]
[WhiteTeamCountry "ISR"]
[BlackTeamCountry "ISR"]

1. d4 d5 2. c4 e6 3. Nc3 c5 4. cxd5 exd5 5. Nf3 Nc6 6. g3 Nf6 7. Bg2 cxd4 8. Nxd4 Bc5 9. Nb3 Bb6 10. Na4 0-0 11. Nxb6 axb6 12. Nd4 Re8 13. 0-0 Nxd4 14. Qxd4 Rxe2 15. Be3 Rc2 16. Qb4 Rc6 17. Rfc1 Rxc1+ 18. Rxc1 Rxa2 19. Bxb6 Qe8 20. Qb3 Ra6 21. Bf1 Ra8 22. Bd4 Qe7 23. Bxf6 gxf6 24. Qxd5 Be6 25. Qe4 Rd8 26. Re1 Rd2 27. Bd3 Kf8 28. Qxh7 Qb4 29. Rxe6 1-0

[Event "ISR-chT"]
[Site "Israel"]
[Date "2024.01.12"]
[Round "2.7"]
[White "Greenfeld, Alon"]
[Black "Kochavi, Ori"]
[Result "1-0"]
[WhiteElo "2460"]
[BlackElo "2424"]
[PlyCount "81"]
[EventDate "2024.01.10"]
[EventType "team-tourn"]
[EventRounds "11"]
[EventCountry "ISR"]
[SourceTitle "CB09_2024"]
[SourceDate "2024.02.28"]
[SourceVersion "1"]
[SourceVersionDate "2024.02.28"]
[SourceQuality "1"]
[WhiteTeam "Beer Sheva II"]
[BlackTeam "Ramat Gan Etiod"]
[WhiteTeamCountry "ISR"]
[BlackTeamCountry "ISR"]

1. d4 Nf6 2. Nf3 e6 3. c4 c5 4. Nc3 cxd4 5. Nxd4 Bb4 6. g3 Ne4 7. Qd3 Bxc3+ 8. bxc3 Nc5 9. Qf3 d6 10. Bg2 e5 11. Nb3 Nba6 12. Ba3 Qc7 13. Rd1 Be6 14. Nxc5 Nxc5 15. Bxc5 Qxc5 16. Qxb7 Rc8 17. Qa6 Ke7 18. Bd5 Bh3 19. Rb1 Rb8 20. Rb7+ Rxb7 21. Qxb7+ Bd7 22. 0-0 f5 23. Rb1 Rc8 24. Qa6 Kd8 25. Rb7 Rc7 26. Rb8+ Rc8 27. Qb7 a5 28. Qb6+ Qxb6 29. Rxb6 Ke7 30. Rb7 Kd8 31. f4 Rc7 32. Rb8+ Rc8 33. Rb6 Ke7 34. Rb7 h6 35. h4 exf4 36. gxf4 Rc5 37. Kf2 Kd8 38. Rb8+ Ke7 39. Ke3 Bc8 40. Kd4 Kd7 41. Bb7 1-0

[Event "EU-Cup 38th"]
[Site "Durres"]
[Date "2023.10.05"]
[Round "5.4"]
[White "Smith, Axel"]
[Black "Greenfeld, Alon"]
[Result "1/2-1/2"]
[WhiteElo "2412"]
[BlackElo "2455"]
[PlyCount "90"]
[EventDate "2023.10.01"]
[EventType "team-swiss"]
[EventRounds "7"]
[EventCountry "ALB"]
[SourceTitle "EXT 2024"]
[Source "ChessBase"]
[SourceDate "2023.10.10"]
[SourceVersion "1"]
[SourceVersionDate "2023.10.10"]
[SourceQuality "1"]
[WhiteTeam "Lunds"]
[BlackTeam "Beer Sheva"]
[WhiteTeamCountry "SWE"]
[BlackTeamCountry "ISR"]

1. d4 d5 2. c4 dxc4 3. e4 e5 4. Nf3 Bb4+ 5. Nc3 exd4 6. Qxd4 Qxd4 7. Nxd4 Nf6 8. f3 Bc5 9. Be3 Nc6 10. Nc2 Bxe3 11. Nxe3 Be6 12. Rd1 Rd8 13. Rxd8+ Kxd8 14. Bxc4 Bxc4 15. Nxc4 Kc8 16. Ke2 Rd8 17. Rd1 Rxd1 18. Kxd1 Kd7 19. Kd2 Nd4 20. Ke3 Nc2+ 21. Kf4 Ne8 22. e5 Ke6 23. g4 f6 24. exf6 Nxf6 25. g5 Nd5+ 26. Ke4 Nxc3+ 27. bxc3 b5 28. Ne5 c5 29. h4 g6 30. Nd3 Kd6 31. Nf4 c4 32. h5 gxh5 33. Nxh5 b4 34. cxb4 c3 35. Kd3 Ne1+ 36. Kxc3 Nxf3 37. Kc4 a6 38. b5 axb5+ 39. Kxb5 Kc7 40. Kc5 Nxg5 41. Kd5 Kb6 42. Ke5 Kb5 43. Kf6 Ne4+ 44. Kg7 Nc3 45. Kxh7 Nxa2 1/2-1/2

[Event "Ceske Budejovice GM-A"]
[Site "Ceske Budejovice"]
[Date "2023.07.06"]
[Round "6"]
[White "Colbow, Collin"]
[Black "Greenfeld, Alon"]
[Result "1-0"]
[WhiteElo "2429"]
[BlackElo "2475"]
[PlyCount "73"]
[EventDate "2023.07.01"]
[EventType "tourn"]
[EventRounds "9"]
[EventCountry "CZE"]
[EventCategory "9"]
[SourceTitle "CBM 215 Extra"]
[Source "ChessBase"]
[SourceDate "2023.09.30"]
[SourceVersion "1"]
[SourceVersionDate "2023.09.30"]
[SourceQuality "1"]

1. e4 c5 2. Nf3 Nc6 3. d4 cxd4 4. Nxd4 Nf6 5. Nc3 d6 6. Bg5 e6 7. Qd2 a6 8. 0-0-0 Be7 9. Bxf6 gxf6 10. f4 Nxd4 11. Qxd4 Qa5 12. f5 Bd7 13. Be2 h5 14. h4 0-0-0 15. Bf3 Qc5 16. Qd3 Kb8 17. Qe2 b5 18. Qd2 Bf8 19. Kb1 Rc8 20. Ne2 exf5 21. Nc3 b4 22. Nd5 a5 23. Nxf6 Be6 24. exf5 Bxf5 25. Be4 Be6 26. Rhf1 Ka7 27. Bd5 Rc7 28. Ne4 Qb6 29. Bxe6 fxe6 30. Rf6 d5 31. Ng5 Bg7 32. Rxe6 Qc5 33. Rg6 Bh6 34. Qe2 Qc4 35. Qf2+ Ka8 36. b3 Qb5 37. Rxh6 1-0

[Event "Prague op"]
[Site "Prague"]
[Date "2023.06.22"]
[Round "1"]
[White "Greenfeld, Alon"]
[Black "Hng, Mei En Emmanuelle"]
[Result "1-0"]
[WhiteElo "2475"]
[BlackElo "2023"]
[PlyCount "77"]
[EventDate "2023.06.22"]
[EventType "swiss"]
[EventRounds "9"]
[EventCountry "CZE"]
[SourceTitle "CBM 215 Extra"]
[Source "ChessBase"]
[SourceDate "2023.09.30"]
[SourceVersion "1"]
[SourceVersionDate "2023.09.30"]
[SourceQuality "1"]

1. d4 Nf6 2. Nf3 e6 3. g3 c5 4. Bg2 cxd4 5. 0-0 Nc6 6. Nxd4 d5 7. c4 Be7 8. cxd5 exd5 9. Nc3 0-0 10. Be3 Bg4 11. h3 Be6 12. Rc1 Qd7 13. Kh2 Rfd8 14. Nxc6 bxc6 15. Na4 Rab8 16. Bc5 Bxc5 17. Nxc5 Qe7 18. Qd4 Rb6 19. b3 Bf5 20. e3 h6 21. Rfd1 Nd7 22. Na4 Rb7 23. Rxc6 Ne5 24. Rcc1 Rb4 25. Qc5 Qxc5 26. Nxc5 Be6 27. e4 d4 28. f4 Nd7 29. Nd3 Rbb8 30. f5 Bxb3 31. axb3 Rxb3 32. e5 a5 33. Rc7 a4 34. Bc6 Nb6 35. e6 fxe6 36. fxe6 Rc3 37. e7 Re8 38. Bxe8 Rxc7 39. Re1 1-0

[Event "ISR-chT"]
[Site "Israel"]
[Date "2023.02.04"]
[Round "6.5"]
[White "Greenfeld, Alon"]
[Black "Dardha, Daniel"]
[Result "1/2-1/2"]
[WhiteElo "2460"]
[BlackElo "2613"]
[PlyCount "54"]
[EventDate "2023.01.11"]
[EventType "team-tourn"]
[EventRounds "11"]
[EventCountry "ISR"]
[SourceTitle "EXT 2024"]
[Source "ChessBase"]
[SourceDate "2023.10.10"]
[SourceVersion "1"]
[SourceVersionDate "2023.10.10"]
[SourceQuality "1"]
[WhiteTeam "Beer Sheva II"]
[BlackTeam "Ramat Gan Etude"]
[WhiteTeamCountry "ISR"]
[BlackTeamCountry "ISR"]

1. Nf3 d5 2. d4 Nf6 3. c4 e6 4. Nc3 Bb4 5. Bg5 h6 6. Bxf6 Qxf6 7. e3 0-0 8. Rc1 c6 9. a3 Bxc3+ 10. Rxc3 Nd7 11. cxd5 exd5 12. Bd3 Nb6 13. Qc2 Be6 14. 0-0 Nc8 15. b4 Nd6 16. a4 a6 17. Ne5 Rfc8 18. Rc1 Qd8 19. Qb1 f6 20. Ng6 Bf7 21. Nf4 Qe8 22. h4 g5 23. Ne2 Kg7 24. Ng3 Bg6 25. Nf5+ Bxf5 26. Bxf5 Rd8 27. Bd3 gxh4 1/2-1/2

[Event "Suwalki Warakomska Memorial 6th"]
[Site "Suwalki"]
[Date "2022.08.05"]
[Round "3"]
[White "Pniaczek, Marek"]
[Black "Greenfeld, Alon"]
[Result "1-0"]
[WhiteElo "2292"]
[BlackElo "2483"]
[PlyCount "141"]
[EventDate "2022.08.03"]
[EventType "swiss"]
[EventRounds "9"]
[EventCountry "POL"]
[SourceTitle "CBM 209 Extra"]
[Source "ChessBase"]
[SourceDate "2022.09.30"]
[SourceVersion "1"]
[SourceVersionDate "2022.09.30"]
[SourceQuality "1"]

1. e4 c5 2. Nf3 d6 3. d4 cxd4 4. Nxd4 Nf6 5. Nc3 Nc6 6. Bg5 g6 7. Bb5 Bd7 8. Bxf6 exf6 9. Qd2 Bg7 10. 0-0-0 0-0 11. Nb3 Be6 12. Qxd6 Qb6 13. Qc5 Bh6+ 14. Kb1 Bxb3 15. Qxb6 Bxa2+ 16. Nxa2 axb6 17. Bc4 Ra4 18. Bd5 Rfa8 19. c3 b5 20. Rhe1 R8a7 21. Bb3 R4a6 22. Rd7 Ne5 23. Rd8+ Kg7 24. Red1 Nc4 25. Nb4 Ra1+ 26. Kc2 b6 27. g3 Rxd1 28. Rd5 Rd2+ 29. Rxd2 Rd7 30. Rd1 Re7 31. Bxc4 bxc4 32. Rd4 f5 33. Nd5 Re6 34. exf5 gxf5 35. f4 Re2+ 36. Rd2 Re6 37. Kd1 Kg6 38. Rd4 b5 39. Nc7 Rb6 40. Rd8 Bg7 41. Nd5 Ra6 42. Ne7+ Kf6 43. Nd5+ Kg6 44. Rb8 Ra1+ 45. Ke2 Rh1 46. Rb6+ f6 47. Rxb5 Rxh2+ 48. Kf3 Bf8 49. Ne3 h5 50. Nxf5 Rh1 51. Ne3 h4 52. gxh4 Rxh4 53. Kg3 Rh1 54. Nxc4 Re1 55. Kf3 Rf1+ 56. Ke4 Bh6 57. f5+ Kh5 58. b4 Rc1 59. Kd3 Kg4 60. Rc5 Bf8 61. Rc8 Bh6 62. Rc5 Bf8 63. Rd5 Bh6 64. Nb2 Kf3 65. b5 Rb1 66. Kc2 Rc1+ 67. Kb3 Rb1 68. Ka2 Rc1 69. c4 Be3 70. Rd6 Rh1 71. b6 1-0

[Event "Novi Sad Serbia op-A"]
[Site "Novi Sad"]
[Date "2022.07.01"]
[Round "4"]
[White "Greenfeld, Alon"]
[Black "Arpita, Mukherjee"]
[Result "0-1"]
[WhiteElo "2501"]
[BlackElo "2281"]
[PlyCount "66"]
[EventDate "2022.06.28"]
[EventType "swiss"]
[EventRounds "9"]
[EventCountry "SRB"]
[SourceTitle "EXT 2023"]
[Source "ChessBase"]
[SourceDate "2022.10.05"]
[SourceVersion "1"]
[SourceVersionDate "2022.10.05"]
[SourceQuality "1"]

1. Nf3 Nf6 2. c4 g6 3. Nc3 Bg7 4. g3 0-0 5. Bg2 d6 6. d4 Nc6 7. 0-0 e5 8. dxe5 dxe5 9. Be3 Be6 10. Qa4 h6 11. Rfd1 Qb8 12. Nd5 Nd7 13. Rac1 f5 14. b4 Nb6 15. Qb3 Rd8 16. a4 Bf7 17. Bc5 e4 18. Nh4 Nxd5 19. cxd5 b6 20. Be3 Ne7 21. Bd4 Bxd4 22. Rxd4 c5 23. bxc5 bxc5 24. Qxb8 Raxb8 25. Rxc5 g5 26. Rc7 Nxd5 27. Rxf7 Kxf7 28. Nxf5 Nc3 29. Rc4 Rd1+ 30. Bf1 Nd5 31. Nd6+ Kg7 32. Kg2 Rbb1 33. Rxe4 Rxf1 0-1

[Event "Novi Sad Serbia op-A"]
[Site "Novi Sad"]
[Date "2022.06.28"]
[Round "1"]
[White "Nurmanova, Alua"]
[Black "Greenfeld, Alon"]
[Result "1/2-1/2"]
[WhiteElo "2275"]
[BlackElo "2501"]
[PlyCount "65"]
[EventDate "2022.06.28"]
[EventType "swiss"]
[EventRounds "9"]
[EventCountry "SRB"]
[SourceTitle "EXT 2023"]
[Source "ChessBase"]
[SourceDate "2022.10.05"]
[SourceVersion "1"]
[SourceVersionDate "2022.10.05"]
[SourceQuality "1"]

1. e4 c5 2. Nf3 Nc6 3. d4 cxd4 4. Nxd4 Nf6 5. Nc3 d6 6. Bg5 e6 7. Qd2 a6 8. 0-0-0 Be7 9. f4 Bd7 10. Nf3 b5 11. a3 b4 12. axb4 Nxb4 13. Kb1 0-0 14. e5 Nfd5 15. Nxd5 Nxd5 16. Bxe7 Nxe7 17. exd6 Nc6 18. Bd3 Qb6 19. c3 Rab8 20. Rhe1 Na5 21. Re2 Nb3 22. Bxh7+ Kxh7 23. Ng5+ Kg6 24. Qd3+ f5 25. Qg3 Kf6 26. Qh4 Rh8 27. Ne4+ Kg6 28. Qg5+ Kh7 29. Qh5+ Kg8 30. Nf6+ gxf6 31. Qg6+ Kf8 32. Qxf6+ Kg8 33. Qg6+ 1/2-1/2

[Event "Norway Chess op-A"]
[Site "Stavanger"]
[Date "2022.06.10"]
[Round "9"]
[White "Gueci, Tea"]
[Black "Greenfeld, Alon"]
[Result "0-1"]
[WhiteElo "2266"]
[BlackElo "2501"]
[PlyCount "72"]
[EventDate "2022.06.03"]
[EventType "swiss"]
[EventRounds "9"]
[EventCountry "NOR"]
[SourceTitle "CBM 208 Extra"]
[Source "ChessBase"]
[SourceDate "2022.07.31"]
[SourceVersion "1"]
[SourceVersionDate "2022.07.31"]
[SourceQuality "1"]

1. e4 c5 2. Nf3 Nc6 3. Bb5 e6 4. 0-0 Nge7 5. d4 cxd4 6. Nxd4 Ng6 7. Be3 Be7 8. c3 0-0 9. Nd2 a6 10. Bd3 b5 11. a4 Nxd4 12. cxd4 bxa4 13. f4 Bb7 14. Qh5 f5 15. g3 Qe8 16. Qe2 Bb4 17. e5 Ne7 18. Nc4 d6 19. Bd2 Bxd2 20. Nxd6 Qc6 21. Nxb7 Bb4 22. Nc5 Rfd8 23. Nxa4 Rxd4 24. Rfc1 Qb7 25. Bc4 Rd2 26. Bxe6+ Kh8 27. Qf1 Qa7+ 28. Kh1 Rf2 29. Qh3 Bd2 30. Rg1 Qb7+ 31. Rg2 Qf3 32. Bc4 Rc8 33. Ra3 Rf1+ 34. Bxf1 Qxf1+ 35. Rg1 Qxh3 36. Rd3 Be3 0-1

[Event "Norway Chess op-A"]
[Site "Stavanger"]
[Date "2022.06.03"]
[Round "1"]
[White "Greenfeld, Alon"]
[Black "Machin, Guillaume"]
[Result "1-0"]
[WhiteElo "2501"]
[BlackElo "2167"]
[PlyCount "83"]
[EventDate "2022.06.03"]
[EventType "swiss"]
[EventRounds "9"]
[EventCountry "NOR"]
[SourceTitle "CBM 208 Extra"]
[Source "ChessBase"]
[SourceDate "2022.07.31"]
[SourceVersion "1"]
[SourceVersionDate "2022.07.31"]
[SourceQuality "1"]

1. d4 e6 2. c4 f5 3. g3 Nf6 4. Bg2 Be7 5. Nf3 d6 6. Nc3 0-0 7. 0-0 Ne4 8. Qc2 Nxc3 9. bxc3 Nc6 10. Ba3 Qe8 11. Rad1 Na5 12. Nd2 Bd7 13. Rde1 e5 14. Nb3 Nc6 15. c5 Rf6 16. cxd6 cxd6 17. Rd1 e4 18. f3 Qh5 19. Bc1 g5 20. fxe4 f4 21. gxf4 Rh6 22. f5 Qxh2+ 23. Kf2 Qh4+ 24. Ke3 Rc8 25. Kd2 g4 26. Rde1 Qg3 27. Kd1 Rh2 28. Bf4 Qxg2 29. Rg1 Qh3 30. Bxh2 Qxh2 31. Rxg4+ Kh8 32. Reg1 Bf6 33. Qd3 Ne7 34. Qf3 Bb5 35. R4g2 Qh6 36. Rg3 Qh2 37. R1g2 Qh1+ 38. Kc2 Qe1 39. Rh3 Bh4 40. Qh5 Ba4 41. Qg4 Rg8 42. Qxh4 1-0

[Event "ISR-chT"]
[Site "Israel"]
[Date "2022.03.04"]
[Round "9.6"]
[White "Greenfeld, Alon"]
[Black "Psakhis, Lev"]
[Result "1/2-1/2"]
[WhiteElo "2498"]
[BlackElo "2448"]
[PlyCount "83"]
[EventDate "2022.01.14"]
[EventType "team-tourn"]
[EventRounds "11"]
[EventCountry "ISR"]
[SourceTitle "EXT 2023"]
[Source "ChessBase"]
[SourceDate "2022.10.05"]
[SourceVersion "1"]
[SourceVersionDate "2022.10.05"]
[SourceQuality "1"]
[WhiteTeam "Beer Sheva II"]
[BlackTeam "Rehovot"]
[WhiteTeamCountry "ISR"]
[BlackTeamCountry "ISR"]

1. Nf3 Nf6 2. c4 e6 3. Nc3 Bb4 4. g3 0-0 5. Bg2 d5 6. d4 dxc4 7. 0-0 Nc6 8. Qa4 Bd7 9. Ne5 a5 10. Nxd7 Nxd7 11. e3 Nb6 12. Qb5 Na7 13. Qh5 Bxc3 14. bxc3 Nd5 15. Rb1 b5 16. Bd2 f5 17. e4 Nf6 18. Qh3 Nxe4 19. Bxe4 fxe4 20. Qxe6+ Rf7 21. Qxe4 Qe8 22. Qg2 Rb8 23. Rfe1 Qd7 24. Re5 Rbf8 25. Be3 Rf5 26. Qb7 Nc6 27. Rexb5 Ne7 28. Rxf5 Qxf5 29. Rf1 Nd5 30. Bd2 Qf3 31. Qc6 h5 32. h4 Kh8 33. Qxc4 Rf4 34. Qa6 Kh7 35. Qe6 Rg4 36. Qe5 Nf6 37. c4 Re4 38. Qxa5 Rxd4 39. Bg5 Ne4 40. Bf4 Nxf2 41. Qf5+ Kg8 42. Qe6+ 1/2-1/2

[Event "ISR-chT"]
[Site "Israel"]
[Date "2022.02.19"]
[Round "8.1"]
[White "Greenfeld, Alon"]
[Black "Zanan, Evgeny"]
[Result "1/2-1/2"]
[WhiteElo "2498"]
[BlackElo "2528"]
[PlyCount "41"]
[EventDate "2022.01.14"]
[EventType "team-tourn"]
[EventRounds "11"]
[EventCountry "ISR"]
[SourceTitle "EXT 2023"]
[Source "ChessBase"]
[SourceDate "2022.10.05"]
[SourceVersion "1"]
[SourceVersionDate "2022.10.05"]
[SourceQuality "1"]
[WhiteTeam "Beer Sheva II"]
[BlackTeam "Rishon Le Zion"]
[WhiteTeamCountry "ISR"]
[BlackTeamCountry "ISR"]

1. d4 Nf6 2. c4 e6 3. Nf3 d5 4. Nc3 dxc4 5. e4 b5 6. e5 Nd5 7. Nxb5 Nb6 8. Be2 Nc6 9. Be3 Bb7 10. a3 Be7 11. Qc2 Qd7 12. Nc3 Na5 13. Rd1 0-0-0 14. h4 f5 15. d5 exd5 16. Nd4 Kb8 17. Qxf5 Qe8 18. Ncb5 Rf8 19. Qg4 Bc8 20. Qg3 a6 21. Bd2 1/2-1/2

[Event "ISR-chT"]
[Site "Israel"]
[Date "2022.02.18"]
[Round "7.6"]
[White "Rozentalis, Eduardas"]
[Black "Greenfeld, Alon"]
[Result "1/2-1/2"]
[WhiteElo "2537"]
[BlackElo "2498"]
[PlyCount "76"]
[EventDate "2022.01.14"]
[EventType "team-tourn"]
[EventRounds "11"]
[EventCountry "ISR"]
[SourceTitle "EXT 2023"]
[Source "ChessBase"]
[SourceDate "2022.10.05"]
[SourceVersion "1"]
[SourceVersionDate "2022.10.05"]
[SourceQuality "1"]
[WhiteTeam "Kfar Saba II"]
[BlackTeam "Beer Sheva II"]
[WhiteTeamCountry "ISR"]
[BlackTeamCountry "ISR"]

1. e4 e5 2. Nf3 Nc6 3. Bc4 Bc5 4. c3 Nf6 5. d3 0-0 6. 0-0 d5 7. exd5 Nxd5 8. Re1 Bg4 9. h3 Bh5 10. Nbd2 Nb6 11. Bb5 Bd6 12. Bxc6 bxc6 13. Ne4 f5 14. Ng3 Bxf3 15. Qxf3 Qd7 16. Nf1 Rae8 17. Be3 Nd5 18. Rad1 Kh8 19. c4 Nb4 20. a3 Nc2 21. Re2 e4 22. dxe4 Bh2+ 23. Kxh2 Qxd1 24. exf5 Nd4 25. Bxd4 Qxe2 26. Qg3 Rf7 27. Ne3 Qd2 28. Be5 Rxe5 29. Qxe5 Qd6 30. Qxd6 cxd6 31. Kg3 a5 32. b4 axb4 33. axb4 Ra7 34. Kf3 Ra4 35. f6 gxf6 36. Nf5 d5 37. cxd5 cxd5 38. Ne7 Rxb4 1/2-1/2

[Event "ISR-ch op"]
[Site "Safed"]
[Date "2021.12.12"]
[Round "5"]
[White "Greenfeld, Alon"]
[Black "Smirin, Ilia"]
[Result "1/2-1/2"]
[WhiteElo "2503"]
[BlackElo "2626"]
[PlyCount "53"]
[EventDate "2021.12.08"]
[EventType "swiss"]
[EventRounds "9"]
[EventCountry "ISR"]
[SourceTitle "CBM 205 Extra"]
[Source "ChessBase"]
[SourceDate "2022.01.31"]
[SourceVersion "1"]
[SourceVersionDate "2022.01.31"]
[SourceQuality "1"]

1. Nf3 Nf6 2. c4 g6 3. Nc3 Bg7 4. g3 0-0 5. Bg2 d6 6. d4 Nc6 7. 0-0 Bf5 8. d5 Na5 9. Nd2 c5 10. e4 Bd7 11. Qc2 e6 12. b3 exd5 13. cxd5 b5 14. Bb2 Re8 15. Rae1 b4 16. Nd1 Bb5 17. Nc4 Bxc4 18. bxc4 Qb6 19. Ne3 b3 20. Qb1 bxa2 21. Qxa2 Nb3 22. Rb1 Rab8 23. Bc3 Nxe4 24. Bxg7 Kxg7 25. Bxe4 Rxe4 26. Rfc1 Ree8 27. Re1 1/2-1/2

[Event "ISR-ch op"]
[Site "Safed"]
[Date "2021.12.10"]
[Round "3"]
[White "Greenfeld, Alon"]
[Black "Levin, Guy"]
[Result "1-0"]
[WhiteElo "2503"]
[BlackElo "2337"]
[PlyCount "80"]
[EventDate "2021.12.08"]
[EventType "swiss"]
[EventRounds "9"]
[EventCountry "ISR"]
[SourceTitle "CBM 205 Extra"]
[Source "ChessBase"]
[SourceDate "2022.01.31"]
[SourceVersion "1"]
[SourceVersionDate "2022.01.31"]
[SourceQuality "1"]

1. Nf3 d5 2. d4 e6 3. c4 c5 4. cxd5 exd5 5. g3 Nc6 6. Bg2 Nf6 7. 0-0 Be7 8. Nc3 0-0 9. dxc5 Bxc5 10. a3 a5 11. Qd3 d4 12. Nb5 Bg4 13. Bf4 Qe7 14. Nbxd4 Nxd4 15. Nxd4 Rad8 16. e3 Nd5 17. Rac1 Nxf4 18. gxf4 Bxd4 19. exd4 Qf6 20. d5 Qxb2 21. Rb1 Qf6 22. Rxb7 Qxf4 23. Qg3 Qc4 24. Re1 Bf5 25. h3 h5 26. Ree7 Rxd5 27. Bxd5 Qxd5 28. Kh2 Be6 29. Rb8 Rxb8 30. Qxb8+ Kh7 31. Re8 Qf5 32. Rh8+ Kg6 33. Qg3+ Kf6 34. Qh4+ Kg6 35. Qg3+ Kf6 36. Rg8 g6 37. Qh4+ Ke5 38. Ra8 Kd6 39. Qd8+ Bd7 40. Ra6+ Kd5 1-0

[Event "Fagernes op"]
[Site "Fagernes"]
[Date "2021.10.15"]
[Round "7"]
[White "Greenfeld, Alon"]
[Black "Dahl, Trygve"]
[Result "1/2-1/2"]
[WhiteElo "2509"]
[BlackElo "2249"]
[PlyCount "84"]
[EventDate "2021.10.10"]
[EventType "swiss"]
[EventRounds "9"]
[EventCountry "NOR"]
[SourceTitle "CBM 204 Extra"]
[Source "ChessBase"]
[SourceDate "2021.11.30"]
[SourceVersion "1"]
[SourceVersionDate "2021.11.30"]
[SourceQuality "1"]

1. Nf3 Nf6 2. c4 g6 3. Nc3 Bg7 4. g3 0-0 5. Bg2 d6 6. d4 Nbd7 7. 0-0 e5 8. e4 exd4 9. Nxd4 Re8 10. h3 Nc5 11. Re1 h6 12. Nb3 Ne6 13. f4 a5 14. Be3 a4 15. Nd4 Nc5 16. Bf2 h5 17. Ndb5 Nfd7 18. Qc2 Ne6 19. f5 Nec5 20. Nd5 Na6 21. Rad1 Be5 22. Nf4 Kh7 23. Nd3 Bg7 24. c5 Naxc5 25. Bxc5 dxc5 26. e5 Ra5 27. fxg6+ fxg6 28. Nf4 Qg5 29. Nxg6 Rxb5 30. Nf8+ Kg8 31. Nxd7 Bxd7 32. Rxd7 c6 33. Rf1 Qh6 34. Qf2 Qe6 35. Rd6 Qe7 36. Qc2 Qxe5 37. Qg6 Qe7 38. Be4 Qxe4 39. Qf7+ Kh8 40. Qxh5+ Kg8 41. Qf7+ Kh8 42. Qh5+ Kg8 1/2-1/2

[Event "Fagernes op"]
[Site "Fagernes"]
[Date "2021.10.12"]
[Round "4"]
[White "Brynell, Stellan"]
[Black "Greenfeld, Alon"]
[Result "1-0"]
[WhiteElo "2431"]
[BlackElo "2509"]
[PlyCount "73"]
[EventDate "2021.10.10"]
[EventType "swiss"]
[EventRounds "9"]
[EventCountry "NOR"]
[SourceTitle "CBM 204 Extra"]
[Source "ChessBase"]
[SourceDate "2021.11.30"]
[SourceVersion "1"]
[SourceVersionDate "2021.11.30"]
[SourceQuality "1"]

1. e4 c5 2. c3 d5 3. exd5 Qxd5 4. d4 Nf6 5. Nf3 e6 6. Be2 cxd4 7. cxd4 Be7 8. 0-0 Nc6 9. Nc3 Qd6 10. Nb5 Qd8 11. Bf4 Nd5 12. Bg3 0-0 13. Bc4 a6 14. Bxd5 axb5 15. Be4 f5 16. Bxc6 bxc6 17. Qc1 Qd5 18. a3 b4 19. a4 c5 20. dxc5 Ra5 21. Bd6 Bxd6 22. cxd6 Qxd6 23. Rd1 Rd5 24. Rxd5 Qxd5 25. Qf4 Qb3 26. Qe5 Rd8 27. h4 Rd1+ 28. Rxd1 Qxd1+ 29. Kh2 Qxa4 30. Qb8 Qc6 31. Ne5 Qc2 32. f3 h6 33. Qa7 Kh7 34. Qf7 Qxb2 35. Qg6+ Kg8 36. Qe8+ Kh7 37. Ng6 1-0